Los países subdesarrollados

Spremljeno u:
Bibliografski detalji
Glavni autor: Lacoste, Ives (Autor)
Format: Knjiga
Jezik:španjolski
Izdano: Buenos Aires EUDEBA 1973
Izdanje:10a. ed
Serija:Biblioteca Cultural. Cuadernos, 61
Teme:
Oznake: Dodaj oznaku
Bez oznaka, Budi prvi tko označuje ovaj zapis!

MARC

LEADER 00000nam a2200000 a 4500
001 UCP2600
003 CL-VaPUC
008 990520e19730000AG |||||||||||||||||spa|d
082 0 4 |a 338.9  |b LAC  |2 21 
100 |a Lacoste, Ives  |e author  |9 429458 
245 1 4 |a Los países subdesarrollados 
250 |a 10a. ed 
300 |a 147 p 
942 |c BK 
945 |d 19990520 00:00:00  |a lriquelm 
260 |a Buenos Aires  |b EUDEBA  |c 1973 
650 7 |a SUBDESARROLLO  |2 CL-VaPUC  |9 337696 
650 0 |a Países en desarrollo  |9 259663 
650 0 |a Problemas sociales  |9 258537 
650 0 |a Desarrollo económico y social   |9 256320 
583 |a last modification  |c 19990520 00:00:00  |k Rodrigo Vera 
490 0 |a Biblioteca Cultural. Cuadernos, 61 
999 |c 281114  |d 281112 
952 |0 0  |1 0  |4 0  |6 338_900000000000000_LAC_1973  |7 0  |8 A  |9 321772  |a BIBHIS  |b BIBHIS  |d 2019-11-20  |i 1349910  |o 338.9 LAC 1973  |p 1349910  |r 2025-01-20  |w 2019-11-20  |y BK  |k HIS